000 00569nam a2200181Ia 4500
008 151202s9999||||xx |||||||||||||| ||und||
082 _bPNVM-64311
100 _aजोशी मिलिदं.
245 _aहसण्यावारी.
260 _b"अनुश्री प्रकाशन,पुणे."
260 _c64311
300 _a132
600 _aजोशी मिलिदं.
630 _aहसण्यावारी.
700 _aजोशी मिलिदं.
730 _aहसण्यावारी.
942 _cBOOK
999 _c1330844
_d1330841